01461 a2200253 4500003000500000005001700005010001600022020002200038020001500060040000900075082001500084100003400099245007400133260005300207300002100260490002000281505053600301650003700837650005400874942001200928999001900940952012400959952012401083Nust20221017142443.0 a 80026867 a0138529051 (pbk.) a0138529132 cNust00a616.81,SES1 aSessler, Gloria Jean.910051410aStroke :bhow to prevent it/how to survive it /cGloria Jean Sessler. aEnglewood Cliffs, N.J. :bPrentice-Hall,cc1981. a287 p. ;c24 cm.0 aA Spectrum book aThe Incidence of Strokes (Page-1), Early Warning Signs of an Impending Stroke (Page-28), Risk Factors you can Control (Page-45), Atherosclerosis (Page-88), Cholesterol and Triglycerides (Page-99), Diabetes (Page-122), Smoking (Page-143), Oral Contraceptives (Page-164), Stress (Page-176), Lab Tests and Diagnostic Procedures (Page-189), The Completed Stroke (Page-206), Medical and Surgical Treatment of a Stroke (Page-226), Rehabilitation (Page-245), Some Self Help Aids (Page-266), Famous Persons who have Had Strokes (Page-269). 0aCerebrovascular disease.9100515 0aCerebrovascular disordersxPopular works.9100516 2ddccBK c183163d183163 00102ddc4070aMCSbMCScGENd2016-12-12o616.81,SESpMCS20879r2016-12-08w2016-12-12yBKzAlmirah No.26, Shelf No.4 00102ddc4070aMCSbMCScGENd2016-12-12o616.81,SESpMCS21215r2016-12-08w2016-12-12yBKzAlmirah No.26, Shelf No.4